| 000 | 00585cam a2200229ua 4500 | ||
|---|---|---|---|
| 001 | 9331 | ||
| 005 | 20260515114444.0 | ||
| 008 | 150623n ii |||gr||||Z||||||asm | ||
| 020 | _a8173393168 | ||
| 040 | _cMAIN | ||
| 041 | _aasm | ||
| 082 | _a301.072 | ||
| 100 |
_aGogoi, Chandra Kanta, _eAuthor. |
||
| 245 | 1 |
_aSamajik gabesana padhati _cby Chandra Kanta Gogoi |
|
| 250 | _a2nd ed. | ||
| 260 |
_aDibrugarh: _bBanalata, _c2012. |
||
| 300 | _a125p. | ||
| 653 | _aSociology & anthropology | ||
| 653 | _aSocial research methods | ||
| 700 |
_aSaikia, Utpal, _eAuthor. |
||
| 942 | _cBK | ||
| 999 |
_c8384 _d8384 |
||